000 00742nam a2200181 a 4500
001 000029604
005 20200930055654.0
008 110415s1999 dr 000 0 spa d
040 _aDO-SdBNP
_bspa
_cBNPHU
082 _axxx
_bC3978a
110 2 _aCentro Nacional de Investigaciones en Salud Materno Infantil
_955757
245 1 0 _aDesordenes peroxisomales :
_bdefectos de oxidación de los acidos grasos de cadena muy larga /
_ceditor Hugo R. Mendoza.
260 _aSanto Domingo :
_bCENISMI,
_c1999.
300 _aviii, 43 p. ;
_c28 cm.
490 1 _aInvestigaciones clínicas
_aestudios aplicados a las clínica
_viv
700 1 _aMendoza, Hugo R.
_eed
_96390
830 0 _aInvestigaciones clínicas
_pestudios aplicados a las clínica
_viv
_956422
999 _c29096
_d29096